[Event "Lamia-ch 1213"]
[Site "Lamia"]
[Date "2012.12.02"]
[Round "1"]
[White "Georgantas, Nikolaos"]
[Black "Kaltsas, Dimitrios"]
[Result "1-0"]
[WhiteElo "1852"]
[BlackElo "1457"]
[PlyCount "39"]
[EventDate "2012.12.02"]
[EventType "tourn"]
[EventRounds "15"]
[EventCountry "GRE"]
[SourceTitle "EXT 2024"]
[Source "ChessBase"]
[SourceDate "2023.10.10"]
[SourceVersion "1"]
[SourceVersionDate "2023.10.10"]
[SourceQuality "1"]

1. e4 e5 2. Nf3 Nc6 3. Bb5 a6 4. Ba4 Bc5 5. 0-0 Nge7 6. a3 0-0 7. Bb3 d6 8. d3 Bg4 9. c3 Qd7 10. Be3 Ng6 11. Nbd2 Nce7 12. Qe1 d5 13. Bxc5 Nf4 14. Nxe5 Qe6 15. Nxg4 Qxg4 16. g3 Neg6 17. Qe3 Rfe8 18. Qf3 Qg5 19. Be3 Nh4 20. Qxf4 1-0